Understsanding medical statistics / (Record no. 40)
[ view plain ]
| 000 -LEADER | |
|---|---|
| fixed length control field | 00522nam a22001817a 4500 |
| 003 - CONTROL NUMBER IDENTIFIER | |
| control field | OSt |
| 005 - DATE AND TIME OF LATEST TRANSACTION | |
| control field | 20210205161905.0 |
| 008 - FIXED-LENGTH DATA ELEMENTS--GENERAL INFORMATION | |
| fixed length control field | 210205b ||||| |||| 00| 0 eng d |
| 020 ## - INTERNATIONAL STANDARD BOOK NUMBER | |
| International Standard Book Number | 0433124016 |
| 040 ## - CATALOGING SOURCE | |
| Original cataloging agency | PHNSL |
| Transcribing agency | PHNSL |
| 100 ## - MAIN ENTRY--PERSONAL NAME | |
| Personal name | Goldstone, Leonard A. |
| 245 ## - TITLE STATEMENT | |
| Title | Understsanding medical statistics / |
| Statement of responsibility, etc. | Leonard A. Goldstone. |
| 260 ## - PUBLICATION, DISTRIBUTION, ETC. | |
| Place of publication, distribution, etc. | London : |
| Name of publisher, distributor, etc. | ELBS, |
| Date of publication, distribution, etc. | 1983. |
| 300 ## - PHYSICAL DESCRIPTION | |
| Extent | x, 181 p. : |
| Other physical details | ill. |
| 504 ## - BIBLIOGRAPHY, ETC. NOTE | |
| Bibliography, etc. note | Includes bibliographical references and index |
| 650 ## - SUBJECT ADDED ENTRY--TOPICAL TERM | |
| Form subdivision | Medical statistics |
| General subdivision | Statistics |
| 942 ## - ADDED ENTRY ELEMENTS (KOHA) | |
| Source of classification or shelving scheme | Library of Congress Classification |
| Koha item type | Books |
| Withdrawn status | Lost status | Source of classification or shelving scheme | Damaged status | Not for loan | Home library | Current library | Shelving location | Date acquired | Full call number | Barcode | Date last seen | Copy number | Price effective from | Koha item type | Public note |
|---|---|---|---|---|---|---|---|---|---|---|---|---|---|---|---|
| Library of Congress Classification | Public Health Nurses School | Public Health Nurses School | General Stacks | 02/05/2021 | RA409.G57 | 00456 | 02/05/2021 | c.1 | 02/05/2021 | Books | ekp 05/02/21 |
